00682nam a22002057a 4500003000400000008004100004082001700045100001900062245010600081260006800187300001000255502001700265650001700282650001200299650001100311650001100322942001100333999001700344952011500361OSt260430b |||||||| |||| 00| 0 eng d a634.44bS16E aSaurabh Ranjan aEffect of Seasonal Variation on Some Commercial Techniques of Mango Propagation / cby Saurabh Ranjan a.- Sabour, Bhagalpurb: Bihar Agricultural College, RAUc, 1996 a114p. bPh. D.d1996 aHorticulture aMangoes aThesis aPh. D. 2ddccT c50332d50332 00102ddc4070aRAUbRAUd2026-04-30eby Authorg0.00l0o634.44 S16Ep45787r2026-04-30w2026-04-30yTkGift